| 000 | 01001cam a2200301 a 4500 | ||
|---|---|---|---|
| 999 |
_c331803 _d331803 |
||
| 001 | 2612758 | ||
| 003 | NUST | ||
| 005 | 20171025153010.0 | ||
| 008 | 971218s1996 pk 000 0 eng | ||
| 010 | _a 97930381 | ||
| 025 | _aP-E-97930381; 04 | ||
| 040 |
_aDLC _cDLC _dDLC |
||
| 042 | _alcode | ||
| 050 | 0 | 0 |
_aB741 _b.D28 1996 |
| 082 |
_a181.49 _bDAR |
||
| 100 | 1 |
_aDar, Bashir Ahmad. _95646 |
|
| 245 | 1 | 0 |
_aStudies in Muslim philosophy and literature / _cby Bashir Ahmad Dar ; collected by Shima Majeed ; edited by Iqbal Academy Pakistan. |
| 250 | _aIst ed. | ||
| 260 |
_aLahore : _bIqbal Academy Pakistan, _c1996. |
||
| 300 |
_a267 p. ; _c23 cm. |
||
| 650 | 0 |
_aIslamic philosophy. _95647 |
|
| 650 | 0 |
_aIslamic literature. _95648 |
|
| 700 | 1 |
_aMajīd, Shīmā. _95649 |
|
| 710 | 2 |
_aIqbal Academy (Lahore, Pakistan) _98 |
|
| 906 |
_a7 _bcbc _corigode _d3 _encip _f19 _gy-gencatlg |
||
| 942 |
_2ddc _cBK |
||